[Event "Moscow Open 2009 B"]
[Site "www.moscowchessopen.ru"]
[Date "2009.02.07"]
[Round "8.164"]
[White "Martov, Vadim"]
[Black "Lebedev, Roman"]
[Result "1-0"]
[WhiteElo "2002"]
[BlackElo "1710"]
[Annotator ""]
[Source ""]
[Remark ""]

1.d4 d5 2.Nf3 Nf6 3.c4 c6 4.Nc3 dxc4 5.e4 b5 6.e5 Nd5 7.a4 b4
8.Ne4 c3 9.bxc3 bxc3 10.Bc4 c2 11.Qxc2 Bf5 12.O-O e6 13.Bg5 Qd7
14.Qe2 h6 15.Bd2 Be7 16.h3 O-O 17.a5 Qc7 18.Rfc1 Qd8 19.Bd3 Qd7
20.Rab1 Rc8 21.Nc5 Bxc5 22.Bxf5 Ba3 23.Bd3 Bxc1 24.Rxc1 Rc7 25.Qe4
f5 26.exf6 Nxf6 27.Qe5 Nd5 28.Qg3 g5 29.h4 Qg7 30.hxg5 Nd7 31.Qh3
Nf8 1-0

[Event "Moscow Open 2009 B"]
[Site "www.moscowchessopen.ru"]
[Date "2009.02.07"]
[Round "8.165"]
[White "Zaitsev, Alexandr A"]
[Black "Knyazev, Nikolay"]
[Result "1/2-1/2"]
[WhiteElo "1400"]
[BlackElo "1999"]
[Annotator ""]
[Source ""]
[Remark ""]

1.e4 e5 2.Nf3 Nc6 3.Bc4 Nf6 4.O-O Be7 5.Nc3 O-O 6.d4 d6 7.d5
Nb8 8.h3 c6 9.Qd3 b5 10.Bb3 b4 11.Ne2 Ba6 12.Qe3 cxd5 13.Bxd5
Nxd5 14.exd5 Nd7 15.Rd1 Qb6 16.Ng3 f5 17.Qxb6 Nxb6 18.Bg5 Bxg5
19.Nxg5 Bb7 20.c3 a5 21.Rac1 Bxd5 22.b3 h6 23.c4 hxg5 24.cxd5
g6 25.Rc6 Nc8 26.Nf1 Rd8 27.Ne3 a4 28.Nc4 axb3 29.axb3 Ra2 30.Nb6
Ne7 31.Rc7 Kf7 32.Rb7 Ra5 33.Rc1 Rc5 34.Ra1 g4 35.Rd7 Re8 36.Raa7 1/2-1/2

[Event "Moscow Open 2009 B"]
[Site "www.moscowchessopen.ru"]
[Date "2009.02.07"]
[Round "8.166"]
[White "Pokhlebin, Sergej"]
[Black "Larin, Maxim"]
[Result "1-0"]
[WhiteElo "1999"]
[BlackElo "1400"]
[Annotator ""]
[Source ""]
[Remark ""]

1.e4 c5 2.Nf3 d6 3.d4 cxd4 4.Nxd4 Nf6 5.Nc3 g6 6.Be3 Bg7 7.f3
O-O 8.Qd2 Nc6 9.Bc4 Bd7 10.Bb3 Rc8 11.O-O-O Ne5 12.Kb1 Nc4 13.Bxc4
Rxc4 14.g4 b5 15.b3 Rc8 16.Ndxb5 Qa5 17.a4 a6 18.Nd5 Qxd2 19.Nxe7+
Kh8 20.Rxd2 Rce8 21.Nxd6 Rxe7 22.Bc5 Re5 23.Ba3 1-0

[Event "Moscow Open 2009 B"]
[Site "www.moscowchessopen.ru"]
[Date "2009.02.07"]
[Round "8.167"]
[White "Krutov, Sergey"]
[Black "Kalinin, Anatoly"]
[Result "0-1"]
[WhiteElo "1899"]
[BlackElo "2293"]
[Annotator ""]
[Source ""]
[Remark ""]

1.e4 c6 2.d4 d5 3.exd5 cxd5 4.Bd3 Nc6 5.c3 Nf6 6.Bf4 Bg4 7.Qb3
Qc8 8.Nd2 e6 9.Ngf3 Bxf3 10.Nxf3 Be7 11.O-O O-O 12.Ne5 a6 13.a4
Nxe5 14.Bxe5 Nd7 15.Bf4 Qc6 16.Rfe1 Bf6 17.Qd1 Rfe8 18.h4 g6
19.h5 e5 20.dxe5 Nxe5 21.hxg6 hxg6 22.Bxe5 Bxe5 23.Qf3 Rad8 24.g3
Re6 25.Bc2 Qb6 26.b3 d4 27.cxd4 Rf6 28.Qe2 Bxd4 29.Rf1 Bxa1 30.Rxa1
Re6 31.Qf1 Rd2 0-1

[Event "Moscow Open 2009 B"]
[Site "www.moscowchessopen.ru"]
[Date "2009.02.07"]
[Round "8.168"]
[White "Khazankin, Moisei"]
[Black "Rusinov, Mikhail"]
[Result "1-0"]
[WhiteElo "2180"]
[BlackElo "1911"]
[Annotator ""]
[Source ""]
[Remark ""]

1.e4 d6 2.d4 Nf6 3.Nc3 g6 4.f4 Bg7 5.Nf3 O-O 6.Bd3 Na6 7.Be3
b6 8.a3 c5 9.h3 Nc7 10.Qe2 Bb7 11.O-O-O c4 12.Bxc4 Nxe4 13.Nxe4
Bxe4 14.d5 b5 15.Bb3 e6 16.dxe6 Nxe6 17.Bxe6 fxe6 18.Ng5 Bf5
19.g4 Qf6 20.c3 h6 21.gxf5 hxg5 22.fxg5 exf5 23.gxf6 1-0

[Event "Moscow Open 2009 B"]
[Site "www.moscowchessopen.ru"]
[Date "2009.02.07"]
[Round "8.169"]
[White "Abdrakhmanov, Ramiss"]
[Black "Saraev, Anton"]
[Result "0-1"]
[WhiteElo "1863"]
[BlackElo "2119"]
[Annotator ""]
[Source ""]
[Remark ""]

1.e4 c5 2.Nf3 d6 3.d3 Nc6 4.g3 g6 5.Bg2 Bg7 6.O-O Bg4 7.h3 Bxf3
8.Bxf3 Rb8 9.c3 e6 10.Be3 Nge7 11.Nd2 O-O 12.Bg2 b5 13.Nb3 a5
14.d4 a4 15.Nc1 cxd4 16.cxd4 Re8 17.Ne2 d5 18.e5 Nf5 19.g4 Nxe3
20.fxe3 f6 21.exf6 Bxf6 22.Nf4 Qd6 23.Nd3 Bg5 24.Qe2 Qg3 25.Kh1
Bxe3 26.Rfe1 Nxd4 27.Qxe3 Qxe3 28.Rxe3 Nc2 29.Rae1 Nxe3 30.Rxe3 0-1

[Event "Moscow Open 2009 B"]
[Site "www.moscowchessopen.ru"]
[Date "2009.02.07"]
[Round "8.170"]
[White "Buvaltsev, Andrey"]
[Black "Babkin, Ivan"]
[Result "1-0"]
[WhiteElo "2110"]
[BlackElo "1890"]
[Annotator ""]
[Source ""]
[Remark ""]

1.Nf3 d5 2.d4 e6 3.Bf4 Bd6 4.Bg3 Nf6 5.e3 Bxg3 6.hxg3 Nbd7 7.Nbd2
c5 8.c3 a6 9.Bd3 c4 10.Bc2 h6 11.Ne5 Qc7 12.f4 b5 13.g4 Bb7 14.g5
Ne4 15.Bxe4 dxe4 16.Qg4 Nxe5 17.fxe5 O-O-O 18.O-O-O b4 19.Nxe4
Bxe4 20.Qxe4 bxc3 21.bxc3 Rd5 22.Kd2 Qa5 23.Qc2 Kc7 24.Rb1 Rhd8
25.gxh6 gxh6 26.Ke2 Rg8 27.Kf2 Rg6 28.Rb4 Rb5 29.Rxc4+ Kd7 30.Rb4
Rxb4 31.cxb4 Qd5 32.Rh2 Rg5 33.Qa4+ Ke7 34.Qxa6 Qe4 35.Qd6+ Ke8
36.Qb8+ Ke7 37.Qc7+ Ke8 38.Qc1 Rf5+ 39.Kg1 Qd3 40.Rh3 Qe2 41.a4
Qf2+ 42.Kh2 Rg5 43.Qc6+ Kf8 44.a5 h5 45.Qa8+ Ke7 46.Qf3 Qe1 47.Qf6+ 1-0

[Event "Moscow Open 2009 B"]
[Site "www.moscowchessopen.ru"]
[Date "2009.02.07"]
[Round "8.171"]
[White "Samatov, Anatolij"]
[Black "Malyshev, Roman B"]
[Result "0-1"]
[WhiteElo "2098"]
[BlackElo "1856"]
[Annotator ""]
[Source ""]
[Remark ""]

1.d4 Nf6 2.c4 g6 3.Nc3 Bg7 4.e4 d6 5.Nf3 O-O 6.Be2 Nbd7 7.O-O
e5 8.h3 c6 9.Be3 Qc7 10.Rc1 a6 11.Qd2 c5 12.dxe5 dxe5 13.Rfd1
b6 14.Bh6 Re8 15.Bxg7 Kxg7 16.Qe3 Bb7 17.Nh2 Rad8 18.Nd5 Qc6
19.Rd2 h5 20.Rcd1 Bc8 21.Bf3 Nf8 22.Qg5 N8h7 23.Qg3 Nxd5 24.cxd5
Qf6 25.Bxh5 Ng5 26.Bf3 Rh8 27.h4 Nxf3+ 28.Nxf3 Rh5 29.Rd3 Rdh8
30.Rc3 Kf8 31.b4 g5 32.Qxe5 Rxh4 33.Kf1 Qxe5 34.Nxe5 Rxe4 35.Nf3
g4 36.Ng1 Rxb4 37.d6 Bd7 38.Re3 Rh1 39.Re7 Bb5+ 40.Re2 Bxe2+
41.Kxe2 Re4+ 0-1

[Event "Moscow Open 2009 B"]
[Site "www.moscowchessopen.ru"]
[Date "2009.02.07"]
[Round "8.172"]
[White "Galynin, Dmitri"]
[Black "Paldyaev, Vladislav"]
[Result "0-1"]
[WhiteElo "2049"]
[BlackElo "1853"]
[Annotator ""]
[Source ""]
[Remark ""]

1.c4 Nf6 2.Nc3 c5 3.Nf3 Nc6 4.g3 b6 5.Bg2 Bb7 6.O-O Rb8 7.d4
cxd4 8.Nxd4 Nxd4 9.Qxd4 Bxg2 10.Kxg2 e6 11.Nb5 a6 12.Nd6+ Bxd6
13.Qxd6 Rc8 14.b3 Rc6 15.Qa3 a5 16.Bf4 Qe7 17.Qb2 O-O 18.Be5
Ne8 19.Rfd1 f6 20.Bc3 Nc7 21.Rac1 Rc8 22.e4 Na6 23.Qe2 Nc5 24.e5
f5 25.Be1 Ne4 26.f3 Ng5 27.Rc3 Nf7 28.Rcd3 Rd8 29.f4 d5 30.cxd5
exd5 31.Rxd5 Rdc8 32.Bf2 g5 33.fxg5 Nxg5 34.Qh5 Nf7 35.Qxf5 Re8
36.Re1 Re6 37.Bd4 Qb7 38.Qg4+ Kh8 39.Qe4 Ng5 0-1

[Event "Moscow Open 2009 B"]
[Site "www.moscowchessopen.ru"]
[Date "2009.02.07"]
[Round "8.173"]
[White "Magdalinskaya, Evgenia"]
[Black "Kreines, Mikhail"]
[Result "0-1"]
[WhiteElo "1800"]
[BlackElo "2041"]
[Annotator ""]
[Source ""]
[Remark ""]

1.Nf3 Nf6 2.b3 d5 3.Bb2 e6 4.e3 Bd6 5.d4 O-O 6.Bd3 b6 7.O-O Bb7
8.Ne5 c5 9.Nd2 Nc6 10.c4 Qe7 11.Rc1 Rac8 12.Bb1 cxd4 13.exd4
Ba3 14.Bxa3 Qxa3 15.Ndf3 Qe7 16.Re1 h6 17.cxd5 Nxe5 18.dxe5 Nxd5
19.Qd3 g6 20.Rcd1 Rfd8 21.Qe2 Qa3 22.Nh4 Nc3 23.Rxd8+ Rxd8 24.Qc4
Nxb1 25.Rxb1 Qxa2 26.Re1 Qd2 27.Qc1 Qxc1 28.Rxc1 Rd3 29.h3 g5
30.Rc7 Bd5 31.Nf3 Bxf3 32.gxf3 a5 33.Kg2 Rxb3 34.Ra7 Rb4 35.Ra6
a4 36.Kf1 b5 37.Ra8+ Kg7 38.Ra5 Rb3 0-1

[Event "Moscow Open 2009 B"]
[Site "www.moscowchessopen.ru"]
[Date "2009.02.07"]
[Round "8.174"]
[White "Yusubov, Timur"]
[Black "Mironov, Yury"]
[Result "1-0"]
[WhiteElo "2023"]
[BlackElo "1792"]
[Annotator ""]
[Source ""]
[Remark ""]

1.Nc3 Nf6 2.e4 e5 3.g3 d5 4.exd5 Nxd5 5.Bg2 Nxc3 6.bxc3 c5 7.Qe2
Qe7 8.d3 Qe6 9.Nf3 Bd6 10.Ng5 Qe7 11.Bd5 O-O 12.Qe4 g6 13.Qh4
h5 14.Rg1 Kg7 15.g4 Rh8 16.gxh5 Rxh5 17.Ne6+ Bxe6 18.Qxe7 Bxe7
19.Bxb7 Rxh2 20.Bxa8 Bf6 21.Be3 Nd7 22.Bc6 e4 23.d4 cxd4 24.cxd4
Nb6 25.Bxe4 Nc4 26.Rh1 Rxh1+ 27.Bxh1 Bf5 28.c3 Be7 29.Bd5 Na3
30.Rc1 Nb1 31.c4 Ba3 32.Rxb1 Bxb1 1-0

[Event "Moscow Open 2009 B"]
[Site "www.moscowchessopen.ru"]
[Date "2009.02.07"]
[Round "8.175"]
[White "Klyuev, Alexander S"]
[Black "Grishaev, Igor"]
[Result "1-0"]
[WhiteElo "1755"]
[BlackElo "2010"]
[Annotator ""]
[Source ""]
[Remark ""]

1.e4 c5 2.Nf3 d6 3.c4 Nf6 4.Nc3 e5 5.d3 Be7 6.g3 Bg4 7.Bg2 Nc6
8.h3 Bxf3 9.Bxf3 O-O 10.O-O Nd7 11.Bg4 Nd4 12.Ne2 Nf6 13.Nxd4
cxd4 14.Bf3 a5 15.a4 Nd7 16.Bg2 Nc5 17.f4 exf4 18.gxf4 f5 19.Kh2
Bf6 20.exf5 Qd7 21.b3 Qxf5 22.Rf3 Ra6 23.Ba3 Rb6 24.Bxc5 dxc5
25.Qd2 Rxb3 26.Re1 b6 27.Kh1 Qd7 28.Rff1 Qxa4 29.Be4 Qd7 30.Rf3
a4 31.Rg1 a3 32.Rfg3 Rb2 33.Qd1 Re8 34.Qh5 Rxe4 35.dxe4 a2 36.Ra3
Kf8 37.Ra8+ Ke7 38.Qxh7 Kd6 39.e5+ Ke6 40.Qe4 Kf7 41.Qg6+ Ke6
42.f5+ Kxe5 43.Re1+ Kd6 44.Qg3+ Kc6 45.Qf3+ Kc7 46.Ra7+ Kd8 47.Qa8+
Qc8 48.Re8+ Kxe8 49.Qxc8+ Bd8 50.Qe6+ 1-0

[Event "Moscow Open 2009 B"]
[Site "www.moscowchessopen.ru"]
[Date "2009.02.07"]
[Round "8.176"]
[White "Makhno, Mikhail"]
[Black "Yuganova, Marina"]
[Result "1-0"]
[WhiteElo "1621"]
[BlackElo "2000"]
[Annotator ""]
[Source ""]
[Remark ""]

1.e4 d5 2.exd5 Qxd5 3.Nc3 Qa5 4.Nf3 Bf5 5.d4 Nf6 6.Bd2 c6 7.Ne4
Qc7 8.Nxf6+ gxf6 9.g3 Nd7 10.Bg2 O-O-O 11.O-O e5 12.c3 Bd6 13.Be3
Bg4 14.Qa4 Bxf3 15.Bxf3 a6 16.Rfd1 h5 17.h4 Rdg8 18.Qc2 exd4
19.Bxd4 Bxg3 20.fxg3 Qxg3+ 21.Bg2 Qxh4 22.Qf2 Qg4 23.Kh2 Qe6
24.Bh3 Qd6+ 25.Kh1 Qd5+ 26.Kh2 Qd6+ 27.Kh1 Kb8 28.Ba7+ 1-0

[Event "Moscow Open 2009 B"]
[Site "www.moscowchessopen.ru"]
[Date "2009.02.07"]
[Round "8.177"]
[White "Vasiliev, Mikhail"]
[Black "Losev, Sergey"]
[Result "1/2-1/2"]
[WhiteElo "1400"]
[BlackElo "1986"]
[Annotator ""]
[Source ""]
[Remark ""]

1.e4 e6 2.Nf3 d5 3.e5 d4 4.c3 c5 5.Bc4 Nc6 6.O-O Nge7 7.d3 Ng6
8.Re1 Be7 9.a3 a6 10.b4 b5 11.Bb3 cxb4 12.cxb4 O-O 13.Bb2 Bb7
14.Nbd2 Qb6 15.Qe2 Rfd8 16.Bd1 Rd5 17.Bb3 Rd7 18.Nf1 Bd8 19.Ng3
Bc7 20.Ne4 Ncxe5 21.Nxe5 Bxe5 22.g3 Bxe4 23.Qxe4 Rdd8 24.h4 Bf6
25.h5 Ne5 26.Rac1 Ra7 27.a4 Nd7 28.Rc6 Qb7 29.Rec1 Nb8 30.R6c5
Nd7 31.Rc6 1/2-1/2

[Event "Moscow Open 2009 B"]
[Site "www.moscowchessopen.ru"]
[Date "2009.02.07"]
[Round "8.178"]
[White "Ashirov, Sanzhar"]
[Black "Borzov, Roman"]
[Result "1/2-1/2"]
[WhiteElo "1486"]
[BlackElo "1985"]
[Annotator ""]
[Source ""]
[Remark ""]

1.e4 e6 2.Nf3 d5 3.Nc3 dxe4 4.Nxe4 Nd7 5.Be2 Ngf6 6.Nc3 Be7 7.O-O
O-O 8.d3 Re8 9.Re1 Nf8 10.Be3 Ng6 11.Qd2 c6 12.Rad1 Bd6 13.Ne4
Be7 14.Nxf6+ Bxf6 15.c3 b6 16.d4 Bb7 17.Bg5 Bxg5 18.Qxg5 Qxg5
19.Nxg5 Rad8 20.f3 Nf4 21.Bc4 h6 22.Ne4 Rd7 23.g3 Nd5 24.Kf2
Kf8 25.Re2 Red8 26.Rde1 1/2-1/2

[Event "Moscow Open 2009 B"]
[Site "www.moscowchessopen.ru"]
[Date "2009.02.07"]
[Round "8.179"]
[White "Obrezchikov, Mikhail"]
[Black "Litvinov, Konstantin"]
[Result "1-0"]
[WhiteElo "1983"]
[BlackElo "1768"]
[Annotator ""]
[Source ""]
[Remark ""]

1.d4 d5 2.c4 e6 3.Nf3 Nf6 4.Nc3 c6 5.e3 Bd6 6.Bd3 O-O 7.O-O Qe7
8.Re1 Nbd7 9.Bd2 h6 10.cxd5 exd5 11.e4 dxe4 12.Nxe4 Nxe4 13.Rxe4
Qd8 14.Re2 Nf6 15.h3 Be6 16.Qc2 Re8 17.Rae1 Qb6 18.a3 Rac8 19.Bc3
Nd5 20.Bf5 Nf4 21.Re4 Red8 22.Rxf4 Bxf4 23.Rxe6 fxe6 24.Bxe6+
Kh8 25.Nh4 Bh2+ 26.Kxh2 Qc7+ 27.g3 g5 28.d5+ 1-0

[Event "Moscow Open 2009 B"]
[Site "www.moscowchessopen.ru"]
[Date "2009.02.07"]
[Round "8.180"]
[White "Lavrischev, Anatoliy"]
[Black "Procop, Egor"]
[Result "1/2-1/2"]
[WhiteElo "1981"]
[BlackElo "1739"]
[Annotator ""]
[Source ""]
[Remark ""]

1.Nf3 e6 2.b3 d5 3.e3 c5 4.Bb2 Nc6 5.Bb5 Bd7 6.O-O Nf6 7.Bxc6
Bxc6 8.Ne5 Bd6 9.f4 O-O 10.d3 Nd7 11.Nxc6 bxc6 12.Qh5 f6 13.Rf3
Rf7 14.Rh3 Nf8 15.Nd2 d4 16.Qf3 dxe3 17.Qxe3 Ng6 18.g3 e5 19.f5
Ne7 20.Qf3 Bc7 21.c4 Qd7 22.g4 a5 23.a4 Rb8 24.Rb1 Nc8 25.Bc3
Nd6 26.Qf2 Rff8 27.Kh1 Bb6 28.Rg3 Qe7 29.Qf3 Rbc8 30.Re1 h6 31.h4
Qd7 32.Rf1 Bd8 33.Qe3 Bb6 34.Bb2 h5 35.Rgf3 hxg4 1/2-1/2

[Event "Moscow Open 2009 B"]
[Site "www.moscowchessopen.ru"]
[Date "2009.02.07"]
[Round "8.181"]
[White "Burkov, Dmitriy"]
[Black "Minnehanov, Eldar"]
[Result "1-0"]
[WhiteElo "1400"]
[BlackElo "1979"]
[Annotator ""]
[Source ""]
[Remark ""]

1.d4 d5 2.c4 Bf5 3.Qb3 e5 4.Qxb7 Nd7 5.Nc3 exd4 6.Nxd5 Bd6 7.Nf3
c5 8.g3 Ngf6 9.Qc6 Ne4 10.Bg2 O-O 11.O-O Nb6 12.Nxb6 axb6 13.Nh4 1-0

[Event "Moscow Open 2009 B"]
[Site "www.moscowchessopen.ru"]
[Date "2009.02.07"]
[Round "8.182"]
[White "Nikulin, Viktor"]
[Black "Mazurov, Arslan"]
[Result "1-0"]
[WhiteElo "1978"]
[BlackElo "1553"]
[Annotator ""]
[Source ""]
[Remark ""]

1.c4 c5 2.Nc3 Nc6 3.g3 d6 4.Bg2 g6 5.e4 Bg7 6.Nge2 f5 7.d3 Nf6
8.O-O O-O 9.Nf4 Nd4 10.Rb1 e5 11.Nfd5 Nxd5 12.Nxd5 Be6 13.exf5
Bxf5 14.Ne3 Bc8 15.b4 cxb4 16.Rxb4 Qa5 17.a3 Rb8 18.Nd5 Kh8 19.Bb2
Nc6 20.Rb5 Qd8 21.Bc3 a6 22.Rb2 Qg5 23.Ne3 Bd7 24.h4 Qd8 25.Nd5
b5 26.Nb4 Nxb4 27.axb4 Qc8 28.Rd2 bxc4 29.d4 Bh3 30.dxe5 Bxg2
31.Kxg2 Qc6+ 32.f3 Bxe5 33.Rxd6 Qe8 34.Qa1 Bxc3 35.Qxc3+ Kg8
36.Qxc4+ Kh8 37.Qd4+ Kg8 38.Rf2 Qb5 39.Rd2 1-0

[Event "Moscow Open 2009 B"]
[Site "www.moscowchessopen.ru"]
[Date "2009.02.07"]
[Round "8.183"]
[White "Tyutyunnikov, Kirill"]
[Black "Chaplinskiy, Sergey"]
[Result "1/2-1/2"]
[WhiteElo "1972"]
[BlackElo "1400"]
[Annotator ""]
[Source ""]
[Remark ""]

1.d4 Nf6 2.c4 e6 3.Nf3 b6 4.Bg5 Nc6 5.h3 Bb4+ 6.Bd2 Be7 7.Nc3
O-O 8.e4 Bb7 9.Bd3 d5 10.cxd5 exd5 11.e5 Ne4 12.Qe2 f5 13.O-O 1/2-1/2

[Event "Moscow Open 2009 B"]
[Site "www.moscowchessopen.ru"]
[Date "2009.02.07"]
[Round "8.184"]
[White "Dragunov, Vladimir"]
[Black "Galstyan, Hayk"]
[Result "1-0"]
[WhiteElo "1969"]
[BlackElo "1400"]
[Annotator ""]
[Source ""]
[Remark ""]

1.d4 Nf6 2.Bg5 c5 3.Bxf6 exf6 4.e3 Qb6 5.b3 cxd4 6.exd4 Nc6 7.Nf3
d5 8.h3 g6 9.c3 Bg7 10.Bd3 O-O 11.O-O Re8 12.Nbd2 Be6 13.b4 a5
14.b5 Na7 15.a4 Nc8 16.c4 dxc4 17.Bxc4 Nd6 18.d5 Bd7 19.Bb3 Rac8
20.Rc1 Rxc1 21.Qxc1 f5 22.Qa3 h6 23.Nc4 Nxc4 24.Bxc4 Bf8 25.Qd3
Re4 26.Re1 Rxe1+ 27.Nxe1 Qf6 28.Nc2 Qb2 29.Qb3 Qc1+ 30.Bf1 Qd2
31.Qd3 Qf4 32.Qd4 Qc1 33.Qc4 f4 34.Ne3 Qxc4 35.Nxc4 Bb4 36.Bd3
Kg7 37.Kf1 Kf6 38.Ke2 h5 39.Be4 g5 40.Kf3 Bf5 41.Bxf5 Kxf5 42.d6
Ke6 43.h4 f6 44.Ke4 Bxd6 45.Nxa5 f5+ 46.Kd3 gxh4 47.f3 b6 48.Nc6
Kf6 49.Kc4 h3 50.gxh3 Kg5 51.Kd5 Bc7 1-0

[Event "Moscow Open 2009 B"]
[Site "www.moscowchessopen.ru"]
[Date "2009.02.07"]
[Round "8.185"]
[White "Popov, Mikhail"]
[Black "Gorulev, Alexandr"]
[Result "1-0"]
[WhiteElo "1965"]
[BlackElo "1400"]
[Annotator ""]
[Source ""]
[Remark ""]

1.e4 c5 2.Nf3 d6 3.b4 cxb4 4.d4 g6 5.Bc4 Nf6 6.Ng5 e6 7.Qf3 Nc6
8.Bb2 Bg7 9.e5 dxe5 10.dxe5 Nd4 11.Qh3 Nd7 12.f4 Nf5 13.g4 Nh6
14.Bxe6 fxe6 15.Nxe6 1-0

[Event "Moscow Open 2009 B"]
[Site "www.moscowchessopen.ru"]
[Date "2009.02.07"]
[Round "8.186"]
[White "Voronkov, Denis"]
[Black "Isakov, Sergey"]
[Result "1/2-1/2"]
[WhiteElo "1960"]
[BlackElo "1400"]
[Annotator ""]
[Source ""]
[Remark ""]

1.d4 Nf6 2.Nf3 e6 3.Bg5 Be7 4.e3 d5 5.Bd3 Nbd7 6.Nbd2 b6 7.c3
Bb7 8.Ne5 a6 9.f4 Ne4 10.Bxe7 Qxe7 11.Nxe4 dxe4 12.Be2 O-O 13.O-O
Rad8 14.Qe1 c5 15.Qg3 f5 16.Rfd1 b5 17.Qe1 c4 18.b3 cxb3 19.axb3
Nxe5 20.dxe5 Qc5 21.Rd4 Rxd4 22.exd4 Qb6 23.Qd2 Rc8 24.Bf1 Bd5
25.Qb2 Qc6 26.Rc1 Qb6 27.Kf2 a5 28.Ke3 h6 29.Be2 Qb7 30.g3 Rc7
31.Bd1 Qa6 32.Qe2 Qb6 33.Qc2 a4 34.bxa4 b4 35.Qb2 b3 36.Be2 Bc4
37.Bxc4 Rxc4 38.a5 Qb7 39.a6 Qxa6 40.Qxb3 Ra4 41.Qd1 Ra2 42.Rc2
Ra1 43.Qe2 Qa3 44.Qd2 Rf1 45.Ke2 Qa1 46.Ra2 1/2-1/2

[Event "Moscow Open 2009 B"]
[Site "www.moscowchessopen.ru"]
[Date "2009.02.07"]
[Round "8.187"]
[White "Klepikov, Nikita"]
[Black "Absoliamov, Javday"]
[Result "0-1"]
[WhiteElo "1400"]
[BlackElo "1948"]
[Annotator ""]
[Source ""]
[Remark ""]

1.e4 c5 2.Nf3 d6 3.d4 Nf6 4.Nc3 cxd4 5.Nxd4 g6 6.Be2 Bg7 7.O-O
O-O 8.Be3 Nc6 9.Qd2 a6 10.h3 Qc7 11.Rad1 b5 12.a3 Bb7 13.Bf3
Ne5 14.Qc1 Nxf3+ 15.gxf3 Bc8 16.Kg2 Bb7 17.Nde2 Rac8 18.Ng3 h5
19.h4 Kh7 20.Rd2 Rfd8 21.Rfd1 Nd7 22.Bd4 Bh6 23.Be3 Bg7 24.Bd4
Ne5 25.Bxe5 Bxe5 26.Nce2 Bf6 0-1

[Event "Moscow Open 2009 B"]
[Site "www.moscowchessopen.ru"]
[Date "2009.02.07"]
[Round "8.189"]
[White "Guseinov, Djelal"]
[Black "Nikitin, Anatoly"]
[Result "0-1"]
[WhiteElo "1928"]
[BlackElo "1400"]
[Annotator ""]
[Source ""]
[Remark ""]

1.d4 e6 2.c4 c6 3.Nc3 d5 4.Nf3 Nf6 5.Bg5 Be7 6.e3 O-O 7.Qc2 h6
8.Bh4 Nbd7 9.Rd1 Ne8 10.Bxe7 Qxe7 11.Bd3 dxc4 12.Bxc4 Nd6 13.Bb3
e5 14.O-O Kh8 15.e4 exd4 16.Nxd4 Ne5 17.f4 Ng4 18.Qe2 c5 19.Nf3
c4 20.Bc2 Nf5 21.exf5 Qxe2 22.Nxe2 Ne3 23.Be4 Re8 24.Ne5 Kg8
25.Nc3 f6 26.Nxc4 Nxf1 27.Kxf1 b5 28.Nd6 b4 29.Ne2 Ba6 30.Bd5+
Kh7 31.Be6 Red8 32.Ke1 Rab8 33.Ne4 Rxd1+ 34.Kxd1 Bb7 35.N2g3
a5 36.Nd2 Bxg2 0-1

[Event "Moscow Open 2009 B"]
[Site "www.moscowchessopen.ru"]
[Date "2009.02.07"]
[Round "8.190"]
[White "Pechonkin, Oleg"]
[Black "Voronov, Vladimir Yu"]
[Result "1-0"]
[WhiteElo "1400"]
[BlackElo "1926"]
[Annotator ""]
[Source ""]
[Remark ""]

1.Nf3 Nf6 2.c4 e6 3.Nc3 c5 4.g3 Nc6 5.Bg2 d5 6.cxd5 Nxd5 7.O-O
Be7 8.b3 Bf6 9.Bb2 O-O 10.Rc1 Qe7 11.Nxd5 exd5 12.Bxf6 gxf6 13.Nh4
Be6 14.Qc2 b6 15.e3 Nb4 16.Qb1 Qd7 17.a3 Nc6 18.Rfd1 Ne7 19.d4
Rac8 20.dxc5 Rxc5 21.Qb2 Ng6 22.Qxf6 Nxh4 23.Qxh4 Rfc8 24.Rxc5
Rxc5 25.b4 Rc3 26.Qg5+ Kf8 27.Bxd5 Bxd5 28.Rxd5 Rc1+ 29.Kg2 Qc6
30.e4 f6 31.Qh6+ Ke7 32.Qxh7+ Ke6 33.f4 1-0

[Event "Moscow Open 2009 B"]
[Site "www.moscowchessopen.ru"]
[Date "2009.02.07"]
[Round "8.191"]
[White "Saifutdinov, Rustam"]
[Black "Shubin, Gennady"]
[Result "1-0"]
[WhiteElo "1400"]
[BlackElo "1913"]
[Annotator ""]
[Source ""]
[Remark ""]

1.d4 d5 2.c4 e6 3.Nc3 Nf6 4.Bg5 Nbd7 5.e3 c6 6.cxd5 exd5 7.Bd3
Be7 8.Nge2 O-O 9.O-O Re8 10.f3 h6 11.Bh4 Nh7 12.Bf2 Bh4 13.Qe1
Bxf2+ 14.Qxf2 Nb6 15.Rae1 Nc4 16.Ng3 Be6 17.e4 Qd7 18.e5 Rad8
19.Qc2 Nf8 20.f4 Qc7 21.f5 Bc8 22.b3 Na3 23.Qc1 Qb6 24.Nge2 Nb5
25.Na4 Qa5 26.f6 g5 27.Bf5 Qb4 28.Rd1 Nc7 29.Nc5 Bxf5 30.Rxf5
Nfe6 31.h4 b6 32.a3 Qb5 33.Nc3 Nxd4 34.Nxb5 Ne2+ 35.Kf2 Nxc1
36.Rxc1 Rf8 37.hxg5 Rb8 1-0

[Event "Moscow Open 2009 B"]
[Site "www.moscowchessopen.ru"]
[Date "2009.02.07"]
[Round "8.194"]
[White "Sedenko, Anatoly"]
[Black "Rubanov, Sergey"]
[Result "1-0"]
[WhiteElo "2073"]
[BlackElo "1788"]
[Annotator ""]
[Source ""]
[Remark ""]

1.Nf3 Nf6 2.d4 g6 3.c4 Bg7 4.Nc3 d5 5.cxd5 Nxd5 6.e4 Nxc3 7.bxc3
c5 8.Bb5+ Bd7 9.Bxd7+ Qxd7 10.O-O cxd4 11.cxd4 O-O 12.Be3 Rd8
13.Rb1 e6 14.Qb3 b6 15.Rfd1 Nc6 16.d5 Na5 17.dxe6 Qxe6 18.Qxe6
fxe6 19.Bg5 Rxd1+ 20.Rxd1 h6 21.Bf4 g5 22.Be5 Rc8 23.h3 Nc6 24.Rc1
Ne7 25.Rd1 Nc6 26.Rc1 Ne7 27.Rxc8+ Nxc8 28.Kf1 Kf7 29.Ke2 Ne7
30.Bxg7 Kxg7 31.Nd4 Kf6 32.Ke3 Nc8 33.Nc6 b5 34.Kd4 h5 35.g3
h4 36.gxh4 gxh4 37.f4 a6 38.Kc5 Kg6 39.Ne5+ Kf6 40.Nf3 Ke7 41.e5
Kf7 42.Nxh4 1-0

[Event "Moscow Open 2009 B"]
[Site "www.moscowchessopen.ru"]
[Date "2009.02.07"]
[Round "8.196"]
[White "Staroselsky, Vladimir"]
[Black "Tantsov, Peter"]
[Result "0-1"]
[WhiteElo "1957"]
[BlackElo "1762"]
[Annotator ""]
[Source ""]
[Remark ""]

1.d4 d5 2.c4 c6 3.Nf3 Nf6 4.Nc3 Bf5 5.e3 e6 6.Bd3 Bxd3 7.Qxd3
Nbd7 8.O-O Bd6 9.h3 O-O 10.b3 e5 11.dxe5 Nxe5 12.Nxe5 dxc4 13.Qf5
g6 14.Nxg6 fxg6 15.Qe6+ Rf7 16.Qxc4 Qc7 17.Bb2 Raf8 18.a4 a5
19.Rad1 h6 20.Rd3 Kh7 21.Rd2 Nh5 22.Ne4 Bh2+ 23.Kh1 Ng3+ 24.Nxg3
Bxg3 25.f3 Qe7 26.Rd3 Be5 27.Bd4 Bxd4 28.Qxd4 Qe6 29.Rfd1 Rxf3
30.Qd7+ Qxd7 31.Rxd7+ R3f7 32.Kg1 0-1

[Event "Moscow Open 2009 B"]
[Site "www.moscowchessopen.ru"]
[Date "2009.02.07"]
[Round "8.197"]
[White "Makushkin, Nikolay"]
[Black "Raondi, Yan-Martin"]
[Result "1/2-1/2"]
[WhiteElo "1949"]
[BlackElo "1702"]
[Annotator ""]
[Source ""]
[Remark ""]

1.e4 c5 2.c3 e5 3.d4 cxd4 4.cxd4 exd4 5.Nf3 Nc6 6.Bc4 Bb4+ 7.Bd2
Bxd2+ 8.Nbxd2 Nh6 9.Nb3 O-O 10.O-O Re8 11.Re1 a6 12.Nfxd4 b5
13.Bd5 Bb7 14.Nc5 Qc7 15.Nxb7 Qxb7 16.Rc1 Rac8 17.Qc2 Nxd4 18.Bxb7
Rxc2 19.Rxc2 Nxc2 20.Re2 Nb4 21.Rd2 d5 22.a3 Rb8 23.axb4 Rxb7
24.Rxd5 g6 25.Rd6 Ra7 26.h3 Kg7 27.f4 Ng8 28.Kf2 Ne7 29.g4 Nc8 1/2-1/2

[Event "Moscow Open 2009 B"]
[Site "www.moscowchessopen.ru"]
[Date "2009.02.07"]
[Round "8.198"]
[White "Marder, Elena"]
[Black "Sarkisian, Vagan"]
[Result "1-0"]
[WhiteElo "1747"]
[BlackElo "1931"]
[Annotator ""]
[Source ""]
[Remark ""]

1.c4 e6 2.Nf3 Nf6 3.g3 b6 4.Bg2 Bb7 5.O-O Be7 6.Nc3 O-O 7.b3
c5 8.Bb2 d5 9.cxd5 exd5 10.d4 Nc6 11.e3 Rc8 12.Re1 c4 13.bxc4
dxc4 14.Ne5 Na5 15.e4 a6 16.d5 b5 17.a3 Nb3 18.Rb1 Qa5 19.d6
Rfd8 20.Ng4 Rxd6 21.Nxf6+ Rxf6 22.e5 Rxf2 23.Bxb7 Rd8 24.Bd5
Qb6 25.Kh1 Qh6 26.Bg2 Rxd1 27.Rexd1 Rd2 28.Re1 Qb6 29.Ne4 Rc2
30.Red1 Qc6 31.Nf6+ gxf6 32.Bxc6 Nd2 33.exf6 Bc5 34.Bc3 Nxb1
35.Rd8+ Bf8 36.Bb4 Rc1+ 37.Kg2 h5 38.Rxf8+ Kh7 39.Rxf7+ 1-0

[Event "Moscow Open 2009 B"]
[Site "www.moscowchessopen.ru"]
[Date "2009.02.07"]
[Round "8.199"]
[White "Losev, Sergey Sergeyvich"]
[Black "Pristalov, Evgeny"]
[Result "1/2-1/2"]
[WhiteElo "1400"]
[BlackElo "1905"]
[Annotator ""]
[Source ""]
[Remark ""]

1.e4 Nf6 2.e5 Nd5 3.d4 d6 4.c4 Nb6 5.exd6 cxd6 6.Nf3 g6 7.Be2
Bg7 8.O-O O-O 9.Nc3 Nc6 10.Be3 d5 11.cxd5 Nxd5 12.Nxd5 Qxd5 13.Qd2
Rd8 14.Rfd1 Bg4 15.h3 Bf5 16.Qc3 Rac8 17.Bc4 Qd7 18.Rac1 Be4
19.Nd2 Bd5 20.Nb3 Bxc4 21.Qxc4 Na5 22.Qb4 Rxc1 23.Rxc1 Nc6 24.Nc5
Nxb4 25.Nxd7 Nd5 26.Nc5 b6 27.Nd3 Nxe3 28.fxe3 e5 29.Nxe5 Bxe5
30.dxe5 1/2-1/2